[Event "ROM-ch Rapid"]
[Site "Bucharest"]
[Date "2022.03.12"]
[Round "9"]
[White "Nastore, Pavel Alexandru"]
[Black "Tusu, Nicolae Dan"]
[Result "1-0"]
[WhiteElo "2306"]
[BlackElo "1840"]
[PlyCount "89"]
[EventDate "2022.03.11"]
[EventType "swiss (rapid)"]
[EventRounds "9"]
[EventCountry "ROU"]
[SourceTitle "CBM 207 Extra"]
[Source "ChessBase"]
[SourceDate "2022.05.31"]
[SourceVersion "1"]
[SourceVersionDate "2022.05.31"]
[SourceQuality "1"]

1. e4 c5 2. Nf3 e6 3. d4 cxd4 4. Nxd4 Nf6 5. Nc3 d6 6. g4 h6 7. h4 Nc6 8. Nxc6 bxc6 9. Qf3 e5 10. g5 hxg5 11. hxg5 Rxh1 12. Qxh1 Nd7 13. Be3 Qa5 14. a3 Rb8 15. Bc1 Nc5 16. Bc4 Be6 17. Bxe6 Nxe6 18. Qf3 Nd4 19. Qd3 d5 20. Kf1 Bd6 21. Ra2 Ke7 22. b4 Qc7 23. exd5 Rh8 24. Be3 Nf3 25. Ke2 Rh3 26. Qf5 Ng1+ 27. Kd2 Qb7 28. Qg4 cxd5 29. Qxg1 d4 30. Nd1 Qd5 31. Bxd4 Qxa2 32. Be3 Qxa3 33. Qg2 Rh8 34. Qb7+ Ke6 35. c3 Rd8 36. Ke1 Rd7 37. Qc6 Qb3 38. g6 fxg6 39. Qc8 Ke7 40. Bg5+ Ke6 41. Qe8+ Kf5 42. Qxd7+ Kxg5 43. Qxd6 Kf5 44. Ne3+ Ke4 45. Qxg6+ 1-0

[Event "Eforie Nord Seacoast op 25th"]
[Site "Eforie Nord"]
[Date "2015.06.24"]
[Round "2"]
[White "Tusu, Nicolae Dan"]
[Black "Itkis, Boris"]
[Result "0-1"]
[WhiteElo "1978"]
[BlackElo "2348"]
[PlyCount "84"]
[EventDate "2015.06.23"]
[EventType "swiss"]
[EventRounds "10"]
[EventCountry "ROU"]
[SourceTitle "CBM 167 Extra"]
[Source "ChessBase"]
[SourceDate "2015.09.14"]
[SourceVersion "1"]
[SourceVersionDate "2015.09.14"]
[SourceQuality "1"]

1. e4 c5 2. Nf3 d6 3. d4 cxd4 4. Nxd4 Nf6 5. Nc3 Nc6 6. Be2 g6 7. 0-0 Nxd4 8. Qxd4 Bg7 9. Be3 0-0 10. Qd2 a6 11. Bh6 Qb6 12. Bxg7 Kxg7 13. a3 Be6 14. Kh1 Rac8 15. f4 Qxb2 16. e5 Qxc3 17. exf6+ Kxf6 18. Qd1 Kg7 19. Bd3 Bc4 20. f5 Bxd3 21. cxd3 Rc5 22. fxg6 hxg6 23. Qf3 Rf5 24. Qe4 e6 25. Qe3 d5 26. a4 Qe5 27. Qg1 Rxf1 28. Rxf1 Rc8 29. Qf2 Rc7 30. h3 b5 31. axb5 axb5 32. Qh4 d4 33. Qd8 b4 34. Qb8 Qe2 35. Rf3 Qe1+ 36. Kh2 Qe5+ 37. Rg3 Qf4 38. Qxb4 Rc3 39. Qb1 e5 40. Qd1 e4 41. Qg4 Qxg4 42. Rxg4 f5 0-1

[Event "Centrocoop June op-B"]
[Site "Eforie Nord"]
[Date "1999.06.??"]
[Round "?"]
[White "Diozu, Gheorghe"]
[Black "Tusu, Nicolae Dan"]
[Result "0-1"]
[WhiteElo "2120"]
[BlackElo "2095"]
[PlyCount "86"]
[EventDate "1999.06.??"]
[EventType "swiss"]
[EventRounds "11"]
[EventCountry "ROU"]
[SourceTitle "EXT 2004"]
[Source "ChessBase"]
[SourceDate "2003.11.25"]
[SourceVersion "1"]
[SourceVersionDate "2003.11.25"]
[SourceQuality "1"]

1. e4 c5 2. d4 cxd4 3. c3 dxc3 4. Nxc3 d6 5. Bc4 e6 6. Nf3 Bd7 7. 0-0 Be7 8. Bf4 Qc7 9. Qe2 Nf6 10. Rfd1 0-0 11. Rac1 a6 12. Bxd6 Bxd6 13. e5 Be7 14. exf6 Bxf6 15. Ne4 Qf4 16. g3 Qh6 17. Nxf6+ Qxf6 18. Ne5 Bc6 19. Rd6 h5 20. Qxh5 g6 21. Qe2 Kg7 22. f4 Qf5 23. Bd3 Qh3 24. Be4 Bxe4 25. Qxe4 Nc6 26. Nxc6 bxc6 27. Rcxc6 Rh8 28. Qd4+ Kg8 29. Rd8+ Rxd8 30. Qxd8+ Kh7 31. Qf6 Rf8 32. Rc7 Kg8 33. Qg5 Qh8 34. Qe5 Qh3 35. Qc3 Qf5 36. Qc2 Qa5 37. b3 Rd8 38. Rc3 Qb6+ 39. Kg2 Qb7+ 40. Kh3 Kg7 41. g4 Qh1 42. Qe2 Rh8+ 43. Kg3 Qg1+ 0-1